| 000 | 00401nam a2200133Ia 4500 | ||
|---|---|---|---|
| 008 | 201002s9999 xx 000 0 und d | ||
| 020 | _a978-971-980-692-9 | ||
| 100 | _aManapat, Carlos L. | ||
| 245 |
_cCarlos L. Manapat, Alvin P. Ang _aMacroeconomics: an introduction/ |
||
| 250 | _a2nd ed. | ||
| 260 |
_aManila: _bC&E Publishing _c2017 |
||
| 300 |
_axii, 251 pages _c25 cm. |
||
| 650 | _aMacroeconomics | ||
| 999 |
_c364683 _d364683 |
||